Analýza prezentačných zručností vysokoškolského učiteľa s orientáciou na študenta

Analýza prezentačných zručností vysokoškolského učiteľa so zreteľom na požiadavky študenta. Zoradenie jednotlivých otázok podľa hodnotenia dôležitosti jednotlivých študentov. Korelácia medzi jednotlivými odpoveďami, za účelom zistiť, či rozhodnutie respondenta odpovedať v jednej otázke určitým spôso...

Descrizione completa

Salvato in:
Dettagli Bibliografici
Autore principale: König, Brian, 1983-
Natura: Capitolo di libro
Lingua:slovacco
Soggetti:
Tags: Aggiungi Tag
Nessun Tag, puoi essere il primo ad aggiungerne!!

MARC

LEADER 00000nla a2200000 4500
001 0203895
005 20240502073415.6
041 0 |a slo 
044 |a SK 
245 1 0 |a Analýza prezentačných zručností vysokoškolského učiteľa s orientáciou na študenta  |c Brian König 
520 |a Analýza prezentačných zručností vysokoškolského učiteľa so zreteľom na požiadavky študenta. Zoradenie jednotlivých otázok podľa hodnotenia dôležitosti jednotlivých študentov. Korelácia medzi jednotlivými odpoveďami, za účelom zistiť, či rozhodnutie respondenta odpovedať v jednej otázke určitým spôsobom súviselo s voľbou odpovede v ostatných otázkach. 
610 2 0 |a analýza korelačná 
610 2 0 |a metódy matematicko-štatistické 
610 2 0 |a koeficient korelácie 
610 2 0 |a pravdepodobnosť 
610 2 0 |a zručnosti 
610 2 0 |a učitelia 
610 2 0 |a prezentácia 
100 1 |a König, Brian, 1983-